La Planificación del empleo en países en desarrollo /
Sparad:
| Institutionella upphovsmän: | , |
|---|---|
| Materialtyp: | Text |
| Publicerad: |
Panamá:
OIT
|
| Ämnen: | |
| Taggar: |
Lägg till en tagg
Inga taggar, Lägg till första taggen!
|
MARC
| LEADER | 00000 a a2200000 04500 | ||
|---|---|---|---|
| 001 | 10383 | ||
| 003 | |||
| 040 | |a CRAI/IIS |c CRAI/IIS | ||
| 090 | |a 136100 | ||
| 110 | |a OIT. PREALC | ||
| 245 | |a La Planificación del empleo en países en desarrollo / |c OIT. PREALC | ||
| 260 | |a Panamá: |b OIT | ||
| 300 | |a ix, 53 p | ||
| 650 | |a EMPLEO | ||
| 650 | |a PLANIFICACION | ||
| 650 | |a POLITICAS GUBERNAMENTALES | ||
| 650 | |a PAISES EN DESARROLLO | ||
| 650 | |a POLITICA ECONOMICA | ||
| 650 | |a MODELOS | ||
| 650 | |a TEORIA | ||
| 650 | |a TRABAJO | ||
| 650 | |a DESEMPLEO | ||
| 650 | |a MINISTERIOS | ||
| 650 | |a ESTADO | ||
| 710 | |a Naciones Unidas. Programa de las Naciones Unidas para el Desarrollo | ||
| 999 | |c 17649 |d 17649 | ||
